Language Quiz

Random Language or Letter Quiz
Score 0/10 Timer 02:00
5 Plays Today
Clue O-Word % Correct
The universal donor, for blood typeO
100%
An 8-angled figure (or sided)octagon
92.4%
Stubborn or like an angle greater than 90°obtuse
88.9%
Runningon
87.6%
A sign portending a future eventomen
78.5%
Instrument for measuring distance traveled in a vehicleodometer
78.4%
Propeller for crewoar
77.8%
Of or relating to the sense of smellolfactory
54.3%
An African mammal closely related to the giraffeokapi
42.2%
A special organ for laying down eggs, usually by an insectovipositor
12.4%
Remove Ads.
Support Sporcle.
Get the best of Sporcle when you Go Orange. This ad-free experience offers more features, more stats, and more fun while also helping to support Sporcle. Thank you for becoming a member.

You're not logged in!

Compare scores with friends on all Sporcle quizzes.
OR
Log In

Show Comments

Extras

Top Quizzes Today


Score Distribution

Your Account Isn't Verified!

In order to create a playlist on Sporcle, you need to verify the email address you used during registration. Go to your Sporcle Settings to finish the process.

Report this User

Report this user for behavior that violates our Community Guidelines.

Details: